000 00932nmc a2200325 a 4500
003 AR-BaBNM
005 20251128210413.0
008 210020s2000 ||||||||||||||000 | spa||
020 _a987-9450-01-9
040 _cAR-BaBNM
245 1 0 _aPlanificación anual y anexo de actividades complementarias
_b1er año EGB
250 _a1ª ed.
260 _aBuenos Aires
_bVisión
_c2000
300 _a71 p.
_btablas
490 0 _aPropuesta para el aula
650 4 _aACTIVIDADES DE APRENDIZAJE
653 _aEDUCACION GENERAL BASICA
653 _aCONTENIDOS CONCEPTUALES
653 _aCONTENIDOS PROCEDIMENTALES
653 _aCONTENIDOS ACTITUDINALES
653 _aEXPECTATIVAS DE LOGRO
653 _aUNIDADES DIDACTICAS
653 _aPRIMER CICLO DE LA EGB
700 1 _aCalamita, Bruna
700 1 _aJousset, Mónica
700 1 _aAbdelnur, Zunilda
700 1 _aRabey, Jovita
942 _cBK
998 _cRAQUEL
999 _c15336
_d15336